[Event "GER HL-172 email"]
[Site "GER email"]
[Date "2009.10.16"]
[Round "?"]
[White "Langheld, Werner"]
[Black "Wagner, Josef"]
[Result "1-0"]
[WhiteElo "2038"]
[BlackElo "1588"]
[PlyCount "52"]
[EventDate "2008.??.??"]
[EventType "tourn (corr)"]
[EventRounds "6"]
[EventCountry "GER"]
[SourceTitle "Corr 2011"]
[Source "ChessBase"]
[SourceDate "2010.08.31"]
[SourceVersion "1"]
[SourceVersionDate "2010.08.31"]
[SourceQuality "1"]

1. e4 e5 2. Nf3 d6 3. d4 exd4 4. Nxd4 c5 5. Bb5+ Bd7 6. Bxd7+ Qxd7 7. Nf5 g6 8. Ne3 Nc6 9. 0-0 Bg7 10. Nc3 0-0-0 11. a4 Nf6 12. f3 Rhe8 13. Bd2 Kb8 14. Be1 Nh5 15. Bh4 Rc8 16. Kh1 h6 17. a5 Nb4 18. Ncd5 Be5 19. c4 Nxd5 20. Nxd5 Rc6 21. Qd2 g5 22. Bf2 Nf6 23. Bg3 Nxd5 24. exd5 Rc7 25. f4 Bxb2 26. Qxb2 Re3 1-0

[Event "GER HL-172 email"]
[Site "GER email"]
[Date "2009.??.??"]
[Round "?"]
[White "Vogel, Paul"]
[Black "Wagner, Josef"]
[Result "0-1"]
[WhiteElo "1667"]
[BlackElo "1588"]
[PlyCount "76"]
[EventDate "2008.??.??"]
[EventType "tourn (corr)"]
[EventRounds "6"]
[EventCountry "GER"]
[SourceTitle "Corr 2020"]
[Source "ChessBase"]
[SourceDate "2019.09.30"]
[SourceVersion "1"]
[SourceVersionDate "2019.09.30"]
[SourceQuality "1"]

1. f4 Nf6 2. Nf3 g6 3. g3 d5 4. Bg2 Bg7 5. d4 c6 6. 0-0 Bf5 7. Na3 Ne4 8. c4 0-0 9. e3 e6 10. b4 Nd7 11. Qe1 Qe7 12. h3 h5 13. Rb1 b5 14. c5 a5 15. bxa5 Ndxc5 16. dxc5 Bc3 17. Bd2 Nxd2 18. Nxd2 Bxb1 19. Naxb1 Bxa5 20. Qf2 Bxd2 21. Qxd2 Qxc5 22. Rc1 Qb6 23. Kh2 Ra4 24. Nc3 Ra3 25. e4 b4 26. Nb1 Qe3 27. Qxe3 Rxe3 28. Rxc6 dxe4 29. Rc4 Ra8 30. Rc2 Re1 31. Rb2 Rc8 32. g4 Rcc1 33. Nd2 Re2 34. Nc4 Rxb2 35. Nxb2 Rc2 36. Nd1 Rxa2 37. gxh5 gxh5 38. h4 Rd2 0-1